01321namaa2200421uu 4500001001100000003000600011005001700017006001900034007001500053008004100068020001800109020001800127020001800145040001700163041000800180042000700188072001500195072001600210072001600226720002900242245010200271260002700373300002200400336002600422337002600448338003600474506005100510520001200561540006300573546001200636650002900648650003800677650002000715653001200735793001800747856011700765999001700882doab121448oapen20260305123953.0m o d cr|mn|---annan231116s2024 xx |||||o ||| 0|eng d a9781003303497 a9781032301143 a9781032301150 aoapencoapen0 aeng adc 7aNH2bicssc 7aNHB2bicssc 7aNHD2bicssc1 aTomasello, Federico4aut00aThe Making of the Citizen-WorkerbLabour and the Borders of Politics in Post-revolutionary France bTaylor & Francisc2024 a1 online resource atextbtxt2rdacontent acomputerbc2rdamedia aonline resourcebcr2rdacarrier0 aFree-to-readfUnrestricted online access2star aHistory aAll rights reserveduhttp://oapen.org/content/about-rights aEnglish 7aEuropean history2bicssc 7aGeneral and world history2bicssc 7aHistory2bicssc aHistory0 aDOAB Library.40uhttps://directory.doabooks.org/handle/20.500.12854/12144870zFree-to-read: DOAB: description of the publication c93172d93172